00412 2200181 4500001002100000005001500021035002000036245002700056100001600083250001400099300002600113260003100139082000800170084001400178020001800192650001000210990001000220INLIS00000000003533120231116014148 a0010-11230000031 aLingkar /cKiki Raihan0 aKiki Raihan aCetakan 1 aviii+188 hlm ;c19 cm aJakarta :bRak Buku,c2013 a813 a813 KIK l a9786021684030 4aFiksi a55922